Financial accounting, reporting and analysis : (Record no. 1610)
[ view plain ]
| 000 -LEADER | |
|---|---|
| fixed length control field | 00752nam a22002292 4500 |
| 001 - CONTROL NUMBER | |
| control field | 0000021027 |
| 005 - DATE AND TIME OF LATEST TRANSACTION | |
| control field | 20151021152604.0 |
| 008 - FIXED-LENGTH DATA ELEMENTS--GENERAL INFORMATION | |
| fixed length control field | 120109s xx 000 0 eng d |
| 020 ## - INTERNATIONAL STANDARD BOOK NUMBER | |
| International Standard Book Number | 027370255x : |
| 040 ## - CATALOGING SOURCE | |
| Original cataloging agency | KABU |
| Transcribing agency | KABU |
| 100 1# - MAIN ENTRY--PERSONAL NAME | |
| Personal name | Elliott, Barry. |
| -- | 0000181698 |
| 245 10 - TITLE STATEMENT | |
| Title | Financial accounting, reporting and analysis : |
| Remainder of title | international edition / |
| Statement of responsibility, etc. | Barry Elliott and Jamie Elliott. |
| 250 ## - EDITION STATEMENT | |
| Edition statement | 2nd ed. |
| 260 ## - PUBLICATION, DISTRIBUTION, ETC. (IMPRINT) | |
| Place of publication, distribution, etc. | Harlow, England : |
| Name of publisher, distributor, etc. | Prentice Hall, |
| Date of publication, distribution, etc. | 2006. |
| 300 ## - PHYSICAL DESCRIPTION | |
| Extent | xxi, 696 p. |
| 650 #0 - SUBJECT ADDED ENTRY--TOPICAL TERM | |
| Topical term or geographic name as entry element | Accounting. |
| -- | 0000148321 |
| 650 #0 - SUBJECT ADDED ENTRY--TOPICAL TERM | |
| Topical term or geographic name as entry element | Financial statements. |
| -- | 0000151467 |
| 700 1# - ADDED ENTRY--PERSONAL NAME | |
| Personal name | Elliott, Jamie. |
| -- | 0000181699 |
| 852 1# - LOCATION | |
| -- | p9630 KES |
| 908 ## - PUT COMMAND PARAMETER (RLIN) | |
| Put command parameter | 120109 |
| 950 ## - LOCAL HOLDINGS (RLIN) | |
| -- | 1 |
| Withdrawn status | Lost status | Source of classification or shelving scheme | Not for loan | Home library | Current library | Date acquired | Total Checkouts | Full call number | Barcode | Date last seen | Date last checked out | Copy number | Price effective from | Koha item type |
|---|---|---|---|---|---|---|---|---|---|---|---|---|---|---|
| Library of Congress Classification | Kabarak, Main Campus | Kabarak, Main Campus | 21/10/2015 | 4 | HF5635 .E45 2006 c. 1 | 20273 | 15/07/2022 | 15/07/2022 | c.1 | 21/10/2015 | General Collection |